| 000 | 00680nam a2200217Ii 4500 | ||
|---|---|---|---|
| 003 | JO-AjNU | ||
| 008 | 230606s9999||||xx |||||||||||||| ||und|| | ||
| 020 | _a0-538-82535-9 | ||
| 040 |
_aJO-AjNU _beng _erda _cJO-AjNU |
||
| 041 | _aeng | ||
| 050 | 1 | 4 | _aHF5657.4 .H57 1994 |
| 100 | 3 |
_aHirsch,Jr,Maurice L, _eauthor _93080 |
|
| 245 | 0 | 0 | _aAdvanced Management Accounting |
| 250 | _a2 ed | ||
| 264 | 3 | 1 | _aCincinnati, Ohio: College Division, South-Western Pub. Co,1994 |
| 300 |
_a712p _bIncludes appendix indexes(p691-712) |
||
| 336 |
_atext _btxt _2rdacontent |
||
| 337 |
_aunmediated _bn _2rdamedia |
||
| 338 |
_avolume _bnc _2rdacarrier |
||
| 650 | 4 |
_aManagerial Accounting _93081 |
|
| 999 |
_aE1615 _c1615 _d1615 |
||